| Tag |
First Indicator |
Second Indicator |
Subfields |
| LEADER |
00000cam a2200000 a 4500 |
| 001 |
in00000926895 |
| 005 |
20150924202341.0 |
| 008 |
900426s1989 dcuabf b f00100 eng d |
| 010 |
|
|
|a gp 90014097
|
| 035 |
|
|
|a (OCoLC)21430999
|
| 035 |
|
|
|9 AEQ8800AM
|
| 040 |
|
|
|a AGL
|c AGL
|d GIS
|d GPO
|d UtOrBLW
|
| 043 |
|
|
|a n-us-la
|
| 074 |
|
|
|a 102-B-18
|
| 086 |
0 |
|
|a A 57.38:Or 5/2
|
| 100 |
1 |
|
|a Trahan, Larry J.
|
| 245 |
1 |
0 |
|a Soil survey of Orleans Parish, Louisiana /
|c United States Department of Agriculture, Soil Conservation Service ; in cooperation with the Louisiana Agricultural Experiment Station and the Louisiana Soil and Water Conservation Committee.
|
| 264 |
|
1 |
|a [Washington, D.C.?] :
|b The Service,
|c [1989]
|
| 300 |
|
|
|a vii, 89 pages, 1 unnumbered page, 22 folded pages of plates :
|b illustrations, maps (some color) ;
|c 28 cm.
|
| 336 |
|
|
|a text
|b txt
|2 rdacontent
|
| 337 |
|
|
|a unmediated
|b n
|2 rdamedia
|
| 338 |
|
|
|a volume
|b nc
|2 rdacarrier
|
| 500 |
|
|
|a Cover title.
|
| 500 |
|
|
|a Shipping list number: 90-229-P.
|
| 500 |
|
|
|a "Issued September 1989"--P. iii.
|
| 504 |
|
|
|a Includes bibliographical references (pages 59-60).
|
| 500 |
|
|
|a Includes index to map units.
|
| 650 |
|
0 |
|a Soil surveys
|z Louisiana
|z Orleans Parish.
|
| 650 |
|
0 |
|a Soils
|z Louisiana
|z Orleans Parish
|x Maps.
|
| 710 |
1 |
|
|a United States.
|b Soil Conservation Service.
|
| 710 |
2 |
|
|a Louisiana Agricultural Experiment Station.
|
| 710 |
2 |
|
|a Louisiana Soil and Water Conservation Committee.
|
| 999 |
|
|
|a MARS
|
| 999 |
f |
f |
|s e90571f0-cdd7-3c12-906f-4ce4d4eb6393
|i 974fb31a-a208-3e95-bc3d-d5b70981de5c
|t 0
|
| 952 |
f |
f |
|p normal
|a Texas A&M University
|b College Station
|c Sterling C. Evans Library
|d Evans: Maps (2nd floor)
|t 0
|e A 57.38:Or 5/2
|h Superintendent of Documents classification
|i unmediated -- volume
|m A14814879743
|
| 998 |
f |
f |
|a A 57.38:Or 5/2
|t 0
|l Evans: Maps (2nd floor)
|